[Event "Senigallia op 1st"]
[Site "Senigallia"]
[Date "1996.05.26"]
[Round "9"]
[White "Lagrotteria, Salvatore"]
[Black "Brumat, Giorgio"]
[Result "1-0"]
[WhiteElo "2150"]
[BlackElo "1828"]
[PlyCount "63"]
[EventDate "1996.05.19"]
[EventType "swiss"]
[EventRounds "9"]
[EventCountry "ITA"]
[SourceTitle "EXT 2023"]
[Source "ChessBase"]
[SourceDate "2022.10.05"]
[SourceVersion "1"]
[SourceVersionDate "2022.10.05"]
[SourceQuality "1"]

1. Nf3 d5 2. g3 c6 3. Bg2 Bg4 4. d4 e6 5. 0-0 Bd6 6. Nbd2 Nd7 7. c4 Ngf6 8. a3 b5 9. c5 Bc7 10. b4 a5 11. Bb2 0-0 12. Ne5 Nxe5 13. dxe5 Nd7 14. h3 Bh5 15. g4 Bg6 16. f4 f6 17. f5 exf5 18. gxf5 Bh5 19. e6 Ne5 20. Qe1 g6 21. Bf3 Bxf3 22. exf3 Qe7 23. Qe2 gxf5 24. Nb3 Kh8 25. Nd4 Rg8+ 26. Kf2 f4 27. Rg1 Rxg1 28. Kxg1 Rg8+ 29. Kh1 Qg7 30. Nf5 Qg5 31. Nd6 Qf5 32. Nxf5 1-0